Los indios de la Pampa /
Guardado en:
| Autor Principal: | |
|---|---|
| Otros Autores: | |
| Formato: | Libro |
| Idioma: | Undetermined |
| Publicado: |
Buenos Aires :
Libros del Quirquincho,
1991.
|
| Edición: | 1a ed. |
| Series: | Huadi; il.
|
| Materias: | |
| Etiquetas: |
Agregar Etiqueta
Sin Etiquetas, Sea el primero en etiquetar este registro!
|
| LEADER | 01440nam a22002415a 4500 | ||
|---|---|---|---|
| 001 | CEM.cems021355 | ||
| 008 | 240813s1991####ag############000#0#und#d | ||
| 005 | 20240813155852.0 | ||
| 245 | 1 | 0 | |a Los indios de la Pampa / |c Miguel Ángel Palermo y Roxana Edith Boixados ; ilustrado por Huadi. |
| 250 | |a 1a ed. | ||
| 260 | |a Buenos Aires : |b Libros del Quirquincho, |c 1991. | ||
| 300 | |a 64 p. | ||
| 490 | 1 | |a La otra historia ; |v 4 | |
| 505 | 0 | |a Los indios de la Pampa -- La gente cambia -- Querandíes y pampas -- Viejos habitantes de la Pampa -- En el siglo XVI -- En busca de comida -- La ropa y la casa -- De jefes y guerras -- Vienen cambios al galope -- El Potosí -- Cuando los mapuches vienen marchando -- Muchas formas de ganarse la vida -- Menú variado -- Las casas -- Hora de vestirse -- ¡A bañarse, se ha dicho! -- Maneras de casarse -- Llegan los chicos -- Juegos de grandes -- La hora de la guerra -- Cautivos y refugiados -- Jefes grandes, jefes chicos -- Un Dios que son cuatro, y muchos demonios -- La "Conquista del Desierto" -- Testimonio de Félix Manquel -- Libros que hablan de los indios de la Pampa | |
| 020 | |a 9507370161 | ||
| 100 | 1 | |a Palermo, Miguel Ángel. | |
| 700 | 1 | |a Boixados, Roxana Edith. | |
| 830 | 0 | |a Huadi; il. | |
| 653 | |a Pueblos originarios | ||
| 653 | |a Querandíes | ||
| 653 | |a Pampas | ||
| 653 | |a Pueblos originarios-Argentina | ||
| 859 | |a CEMS |b BIB. CEMS - Inicial y Primaria |h 372.982 |i P174-1 |k IP |p 564 |t Ej.1 | ||
